000 00543nam a2200193Ia 4500
999 _c1817
_d1817
003 OSt
005 20200930143922.0
008 190216s9999||||xx |||||||||||||| ||und||
020 _a9788177541243
040 _coclc
082 _a635.982
_bPRA/G
100 _aPrasad, S
_95008
245 0 _aGreenhouse Management For Horticultural Crops /
_cS Prasad ; U Kumar
250 _a2nd Ed.
260 _bAgrobios,
_c2010.
_aJodhpur:
300 _a476p
650 _aBotany
942 _cBK
_2ddc
_h635.982
_iPRA/G
_k635.982
_mPRA/G